Παιδιά με Ειδικές Ανάγκες / Μία Εισαγωγή στην Ειδική Εκπαίδευση (Record no. 3145)
[ view plain ]
| 000 -LEADER | |
|---|---|
| fixed length control field | 02192cam a22002054a 4500 |
| 005 - ΗΜΕΡΟΜΗΝΙΑ ΚΑΙ ΩΡΑ ΤΕΛΕΥΤΑΙΑΣ ΕΝΗΜΕΡΩΣΗΣ | |
| Πεδίο ελέγχου | 20250605164106.0 |
| 008 - FIXED-LENGTH DATA ELEMENTS--GENERAL INFORMATION | |
| Πεδίο ελέγχου σταθερού μήκους | 250528s ||||||||||||||||||||||||d |
| 035 ## - SYSTEM CONTROL NUMBER | |
| System control number | 17744 |
| 020 ## - ISBN | |
| ISBN | 9789604990047 |
| 040 ## - ΠΗΓΗ ΚΑΤΑΛΟΓΟΓΡΑΦΗΣΗΣ | |
| Φορέας πρωτότυπης καταλογογράφησης | MC Athens Campus Library |
| Γλώσσα καταλογογράφησης | Ελληνικά, Μοντέρνα (1453-) |
| Modifying agency | MC Athens Campus Library |
| Κανόνες περιγραφικής καταλογογράφησης | AACR2 |
| 245 1# - ΤΙΤΛΟΣ ΚΑΙ ΔΗΛΩΣΗ ΥΠΕΥΘΥΝΟΤΗΤΑΣ | |
| Τίτλος | Παιδιά με Ειδικές Ανάγκες / Μία Εισαγωγή στην Ειδική Εκπαίδευση |
| 250 ## - EDITION STATEMENT | |
| Edition statement | 7η |
| 260 ## - PUBLICATION, DISTRIBUTION, ETC. | |
| Name of publisher, distributor, etc. | Τόπος, |
| Date of publication, distribution, etc. | 2011 |
| 300 ## - PHYSICAL DESCRIPTION | |
| Extent | 824 |
| 520 ## - SUMMARY, ETC. | |
| Summary, etc. | Το παρόν βιβλίο ξετυλίγει αυτή την ''ατελείωτη ιστορία ανθρώπων'' οι οποίοι καταθέτουν τις γνώσεις και την προσωπική τους εμπειρία που απεκόμισαν από το εξαιρετικά ποικιλόμορφο και δυναμικό πεδίο της ειδικής αγωγής. Οι Βάσεις για την Κατανόηση της Ειδικής Αγωγής, Ο Σκοπός και η Υποσχεση της Ειδικής Αγωγής, Συνεργασία με Γονείς και Οικογένειες σε μία Πολιτισμικά και Γλωσσικά Ποικιλόμορφη Κοινωνία, Μαθητές με Ειδικές Εκπαιδευτικές Ανάγκες, Νοητική Καθυστέρηση, Μαθησιακές Δυσκολίες, Συναισθηματικές ή Συμπεριφοριστικές Διαταραχές, Διαταραχές Αυτιστικού Φάσματος, Διαταραχές Επικοινωνίας, Κώφωση και Βαρηκοϊα, Τύφλωση και Μερική Όραση, Σωματικές Αναπηρίες και Χρόνια Προβλήματα Υγείας και ΔΕΠ-Υ, Χαρισματικότητα και Ταλέντο, Η Ειδική Αγωγή σε Όλο το Εύρος της Ζωής, Ειδική Αγωγή στη Πρώιμη Παιδική Ηλικία, Μετάβαση στην Ενήλικη Ζωή, Γλωσσάρι, Ευρετήριο Βασικών Όρων, Βιβλιογραφία. |
| 700 1# - ΠΡΟΣΘΕΤΗ ΑΝΑΓΡΑΦΗ--ΦΥΣΙΚΟ ΠΡΟΣΩΠΟ | |
| Personal name | Lee Heward William |
| 9 (RLIN) | 3944 |
| 942 ## - ADDED ENTRY ELEMENTS (KOHA) | |
| Koha item type | Books |
| Τύπος τεκμηρίου | Βιβλιοθήκη | Τρέχουσα τοποθεσία | Barcode | Αριθμός εισαγωγής | Ημερομηνία απόκτησης | Ταξιθετικό σύμβολο | Αριθμός αντιτύπου | Κατάσταση απόσυρσης | Κατάσταση χαμένου | Κατάσταση κατεστραμμένου | Μη δανεισμός | Σύνολο δανεισμών | Ημερομηνία τελευταίας εμφάνισης | Η τιμή ισχύει από |
|---|---|---|---|---|---|---|---|---|---|---|---|---|---|---|
| Books | MC Athens Campus Library | MC Athens Campus Library | 9780000031440 | 7105 | 05/06/2025 | REF 371.90973 LEE | 1 | 05/06/2025 | 05/06/2025 |